00446nam a2200157Ia 4500003000500000005001700005008004100022020001800063050002400081100002200105245003700127260003200164300002400196650004000220650002800260SISC20181022085334.0181016s9999 xx 000 0 und d a9780446556736 aPS 3553b.C752 2012 aConnelly, Michael cMichael ConnellyaThe black box/ aNY:bHieronymus, Inc.c2012 a409 pages :c17 cm. acold cases (criminal investigation) amurder -- investigation